| 000 | 00784cab a2200253 4500 | ||
|---|---|---|---|
| 001 | WB3035-34 | ||
| 008 | 090401t1994 xxu||||| |||| 00| 0 eng d | ||
| 035 | _a(Sirsi) u52923 | ||
| 041 | _aeng | ||
| 245 | _aShrinkage at the top table | ||
| 260 | _c1994 | ||
| 350 | _a0 | ||
| 490 |
_aFinancial Times _v20 September 1994, 16(1) |
||
| 520 | _aExplains how professional firms need to expand in order to be able to provide the motivation and recognition demanded by high-quality staff. Uses law firms as examples. | ||
| 650 | _aEMPLOYMENT | ||
| 650 | _aFIRMS | ||
| 650 | _aGROWTH | ||
| 650 | _aMOTIVATION | ||
| 650 | _aPARTNERSHIPS | ||
| 650 | _aPRACTICE MANAGEMENT | ||
| 690 | _aMANAGEMENT-BUSINESS MANAGEMENT-PROFESSIONAL PRACTICE | ||
| 942 | _n0 | ||
| 948 | _c04/03/1997 | ||
| 999 |
_c32658 _d32658 |
||